Normal view
MARC view
- Group on East-South Systems Transformations
Entry Corporate Name
001 - CONTROL NUMBER
- control field: 15308
003 - CONTROL NUMBER IDENTIFIER
- control field: OSt
005 - DATE AND TIME OF LATEST TRANSACTION
- control field: 20260205130637.0
008 - FIXED-LENGTH DATA ELEMENTS
- fixed length control field: 260205|| aca||aabn | a|a d
040 ## - CATALOGING SOURCE
- Original cataloging agency: OSt
- Transcribing agency: OSt
110 ## - HEADING--CORPORATE NAME
- Corporate name or jurisdiction name as entry element: Group on East-South Systems Transformations
670 ## - SOURCE DATA FOUND
- Source citation: Work cat.: (OSt)6045: Sustainable democracy /, 1995.